Welcome to the Holygrace Academy Library

Please use search bar below to get started

DICTIONARY OF CHEMISTRY (Record no. 1474)

MARC details
000 -LEADER
fixed length control field 00376nam a22001577a 4500
020 ## - INTERNATIONAL STANDARD BOOK NUMBER
ISBN 81-261-1818-0
082 ## - DEWEY DECIMAL CLASSIFICATION NUMBER
Classification number 540
Item number KAU/A
100 ## - MAIN ENTRY--AUTHOR NAME
Personal name KAUSHIK, R.K
100 ## - MAIN ENTRY--AUTHOR NAME
Personal name YADAV, M.S
245 ## - TITLE STATEMENT
Title DICTIONARY OF CHEMISTRY
250 ## - EDITION STATEMENT
Edition statement REPRINT EDITION
260 ## - PUBLICATION, DISTRIBUTION, ETC. (IMPRINT)
Place of publication DELHI
Name of publisher ANMOL PUBLICATIONS PVT LTD
Year of publication 2005
300 ## - PHYSICAL DESCRIPTION
Number of Pages 363
650 ## - SUBJECT ADDED ENTRY--TOPICAL TERM
Topical Term CHEMISTRY REFERENCE
Geographic subdivision INDIA
942 ## - ADDED ENTRY ELEMENTS (KOHA)
Koha item type Books
Holdings
Withdrawn status Lost status Collection code Home library Current library Shelving location Date acquired Source of acquisition Cost, normal purchase price Full call number Accession Number Koha item type
    Reference Main Library Main Library SHELF-5 F REFERENCE CHEMISTRY 10/10/2006 purchase 70.00 540 KAU/A 02819 Books